000 00763cam a2200277 4500500
005 20260405003423.0
041 _afre
042 _adc
100 1 0 _aChanthanakone, Antony
_eauthor
245 0 0 _aPourquoi s’offre-t-on des cadeaux ?
260 _c2021.
500 _a91
690 _aCadeaux
690 _aDon
690 _aFête
690 _aGénérosité
690 _aGeorges Bataille
690 _aintérêt
690 _aMachiavel
690 _aMarcel Mauss
690 _aNoël
690 _aPère Noël
690 _aSénèque
786 0 _nPhilosophie magazine | 155 | 12 | 2021-12-01 | p. 46-46 | 1951-1787
856 4 1 _uhttps://shs.cairn.info/magazine-philosophie-magazine-2021-12-1-page-46?lang=fr&redirect-ssocas=7080
999 _c2067372
_d2067372